Score 0/24 Timer 02:00
0 Plays Today
Heading Missing Word % Correct
Tim BurtonFactory
99.5%
Steven SpielbergPark
98.5%
Tim BurtonEdward
98.5%
Steven SpielbergCatch
97.8%
Ron HowardCode
97.3%
Steven SpielbergExtra
97.3%
Quentin TarantinoKill
95.7%
Quentin TarantinoPulp
93.6%
Quentin TarantinoBasterds
93.1%
Steven SpielbergWorlds
91.8%
Tim BurtonSleepy
91.3%
Steven SpielbergReport
79.8%
Heading Missing Word % Correct
Quentin TarantinoDogs
79.4%
Ron HowardBeautiful
79.3%
Steven SpielbergThird
78.1%
Tim BurtonBride
77.2%
Tim BurtonReturns
70.3%
Ron HowardMan
67.4%
Tim BurtonBig
67.1%
Ron HowardApollo
66%
Ron HowardFrost
62.1%
Ron HowardFar
54.2%
Quentin TarantinoBrown
38.3%
Quentin TarantinoDeath
28.5%

Today's Daily Dose

Remove Ads.
Support Sporcle.
Get the best of Sporcle when you Go Orange. This ad-free experience offers more features, more stats, and more fun while also helping to support Sporcle. Thank you for becoming a member.

You're not logged in!

Compare scores with friends on all Sporcle quizzes.
OR
Log In

Show Comments

Extras

Top Quizzes Today


Score Distribution

Your Account Isn't Verified!

In order to create a playlist on Sporcle, you need to verify the email address you used during registration. Go to your Sporcle Settings to finish the process.

Report this User

Report this user for behavior that violates our Community Guidelines.

Details: